Systémy VISION a FPGA - jedinečné spojenie

Bibliographic Details
Format: Article
Language:Slovak
PhysicalDescription:Obr., tab.
ISSN:1335-2237
Subjects:

MARC

LEADER 00000nab a2200000 a 4500
001 vtls009151920
003 SK-MaSNL
005 20260304153339.0
008 250506c2007 xo |||||||||||000 b|slo
015 |a SNBRB2007/10  |2 snkbucl 
035 |a (uuid)09f301ac-739f-4a72-abcd-10ea38c710bc 
035 |a urn:nbn:sk:snk-abc2a1 
035 |a (urnnbn)urn:nbn:sk:snk:ar-001kq1 
038 |a SNKBUCL 
040 |a SNKBUCL  |b slo  |c SNKBUCL  |e AACR2 
041 0 |a slo 
044 |a xo  |c SK 
080 |a 681.518.52:621.397.7:004.312.22:061.5  |2 2001 
080 |a 621.397.7  |2 2001 
080 |a 004.312.22  |2 2001 
245 0 0 |a Systémy VISION a FPGA - jedinečné spojenie 
300 |b Obr., tab. 
610 2 7 |a National Instruments  |2 snkbucl  |9 1476602 
650 0 7 |a technologické monitorovanie  |2 snkbucl  |9 1266481 
650 0 7 |a programovateľné hradlové polia  |2 snkbucl  |9 75721 
650 0 7 |a automatická optická kontrola  |2 snkbucl  |9 1476603 
773 0 |t AT&P journal  |g Roč. XIV, č. 9 (2007), s. 20-21  |x 1335-2237 
850 |a Slovenská národná knižnica 
852 |a Slovenská národná knižnica 
954 |a odborná, vedecká literatúra pôvodná (slovenská)  |2 lita 
958 |a article15 
958 |a OND 
958 |a EUIPO 
999 |c 2953331  |d 2955261